STN EN 12177 Kvapalné ropné výrobky. Bezolovnatý benzín. Stanovenie obsahu benzénu olynovou chromatografiou

Bibliographic Details
Format: Book
Language:Undetermined
PhysicalDescription:16 s.
Published: Bratislava Slovenský ústav technickej normalizácie 2000

MARC

LEADER 00000nam a2200000 a 4500
001 vtls001425603
003 SK-MaSNL
005 20260224070857.0
008 180126sm y0 xo 0 und
035 |a SNK000380506 
040 |a SNK  |b slo  |c SNK  |e AACR2 
044 |a xo  |c SK 
245 1 |a STN EN 12177 Kvapalné ropné výrobky. Bezolovnatý benzín. Stanovenie obsahu benzénu olynovou chromatografiou 
260 |a Bratislava  |b Slovenský ústav technickej normalizácie  |c 2000 
300 |a 16 s. 
999 |c 899366  |d 901296 
952 |t P60, <03>, [BOOK], {603}  |a SNK  |b SNK  |y PREZ  |7 0  |p 17A0324781  |o snkSTN EN 12177  |i snkN 2495/2001  |0 0  |1 0  |4 0  |d 2001-12-04  |l 0  |r 2005-01-02 00:00:00  |w 2026-02-24 
952 |t P60, <04>, [BOOK], {604}  |a SNK  |b SNK  |y VYP  |7 0  |p 17A0324780  |o snkSTN EN 12177 D1  |i snkN 2496/2001  |0 0  |1 0  |4 0  |d 2001-12-05  |l 0  |r 2005-01-02 00:00:00  |w 2026-02-24